Miasta powyżej 100k mieszkańców we Francuskiej Afryce Równikowej - Statystyki

Ogólne statystyki
  • Ten quiz został rozwiązany 20 razy
  • Średni wynik to 4 z 9
Statystyki odpowiedzi
Państwo Miasto Ludność % Poprawnych
Kongo Brazzaville 1 557 533
100%
Gabon Libreville 797 003
75%
Czad Ndżamena 1 092 066
75%
RepublikaŚrodkowoafrykańska Bangi 747 109
50%
Kongo Pointe-Noire 822 850
17%
RepublikaŚrodkowoafrykańska Bimbo 250 195
8%
Czad Moundou 148 500
8%
Gabon Port-Gentil 150 484
8%
Czad Sarh 103 269
8%
Nie znaleziono quizów pasujących do podanych kryteriów
Rozkład punktacji
Procent ludzi z każdym wynikiem
Percentyl według liczby udzielonych odpowiedzi
Twoja historia wyników
Nie rozwiązałeś tego quizu